The clowns of God /

書誌詳細
第一著者: West, Morris, 1916-1999
フォーマット: 図書
言語:English
出版事項: New York : London : Morrow, Coronet Books, 1981. 1982.
Classic Catalogue: View this record in Classic Catalogue
LEADER 00769nam a2200241 i 4500
001 7815
003 BD-DhAAL
005 20150707100235.0
008 150707s1981 nyu 000 1 eng
010 |a  80027153  
020 |a 034027638x 
020 |a 0688004490 
040 |d BD-DhAAL 
050 0 |a PR9619.3.W4  |b C5 1981 
082 0 |a 823  |2 19 
100 1 |a West, Morris,  |d 1916-1999.  |9 12901 
245 1 4 |a The clowns of God /  |c by Morris West. 
260 |a New York :  |a London :  |b Morrow,  |b Coronet Books,  |c 1981.  |c 1982. 
300 |a 429 p. ;  |c 18 cm. 
541 |e 7815 
942 |2 ddc  |c BK 
999 |c 34955  |d 34955 
952 |0 0  |1 0  |2 ddc  |4 0  |6 823_000000000000000_WES  |7 0  |9 54802  |a SCL  |b SCL  |c GEN  |d 2015-07-07  |e Gift  |l 4  |m 18  |o 823 WES  |p 3020007815  |r 2020-03-05  |s 2020-01-23  |t 1  |w 2015-07-07  |y BK